| 000 | 00000nam##2200000za#4500 |
| 001 | 9.643547 |
| 003 | CaOODSP |
| 005 | 20210624224223 |
| 007 | cr ||||||||||| |
| 008 | 150407|2005||||xxc|||||o f|0| 0 fre|d |
| 040 | |aCaOODSP|bfre |
| 043 | |an-cn--- |
| 086 | 1 |aH164-174/2005F-PDF |
| 110 | 1 |aCanada. |bDirection générale des produits de santé et des aliments. |
| 245 | 10|aCe que nous avons entendu - rapport d'évaluation de la séance pilote d'information et de formation pour les patients et les consommateurs |h[ressource électronique] |
| 246 | 17|aRapport d'évaluation final |
| 260 | |aOttawa - Ontario : |bSanté Canada. |c31 mars 2005. |
| 300 | |a17p.|btableau |
| 590 | |a14-14-Supp|b2014-07-24 |
| 691 | 07|aAliment|2gcpds |
| 691 | 07|aFormation|2gcpds |
| 691 | 07|aProduit pour les soins de santé|2gcpds |
| 775 | 08|tWhat we heard - evaluation report of the Pilot Information and Training Session for Patients and Consumers |w(CaOODSP)9.699428 |
| 856 | 40|ahttp://publications.gc.ca|qPDF|s83 Ko|uhttps://publications.gc.ca/collections/collection_2014/sc-hc/H164-174-2005-fra.pdf |